000 00773nam a22002057a 4500
999 _c14554
_d14554
003 AR-CdUCM
008 190423b ||||| |||| 00| 0 spa d
020 _a978-84-205-5335-1
040 _aMUNICIPALIDAD PROVINCIAL DEL CUSCO
_cBIBLIOTECA MUNICIPAL DEL CUSCO
082 _aPI / 803 /
_bC27
_22ed.
100 _aCarreño hernández, Maite
_933366
245 _aCosas con magia :
_bUna cuerda. ¡Con el látigo de Indiana Jones! /
260 _aMadrid :
_bPearson Alhambra,
_c2008.
300 _a57 páginas ;
_bIlustraciones,
_c20 cm
505 _aContenido: Cosas con magia, una cuerda. ¡Con el látigo de Indiana Jones!.
650 _aCuentos infantiles
_93927
700 _aAlonso, Juan Ramón (ilustración)
_933367
942 _2ddc
_cLIBROS
945 _acmm
_d2019-04-23